The disappearance of writing systems : perspectives on literacy and communication /

محفوظ في:

مؤلفون آخرون: Baines, John, Bennet, John, 1957-, Houston, Stephen D.

التنسيق: كتاب

اللغة: English

منشور في: London ; Oakville, CT : Equinox, 2008.

الموضوعات:

الوسوم: إضافة وسم

لا توجد وسوم, كن أول من يضع وسما على هذه التسجيلة!

رقم الطلب: P211 .D57 2008

LEADER 01019namaa2200277 4500
001 16529
003 OSt
005 20220718062806.0
008 130303s2008 enkabe b 001 0 eng d
952 |0 0  |1 0  |2 lcc  |4 0  |6 P0211 D57 02008  |7 1  |9 41625  |a ARCE  |b ARCE  |d 2022-07-18  |l 0  |o P211 .D57 2008  |p 1006229  |r 2022-07-18 00:00:00  |w 2022-07-18  |y BK 
999 |c 14273  |d 14273 
010 |a 2008014610 
020 |a 9781845539078 
040 |c ARCE Library 
050 4 |a P211 .D57 2008 
245 0 4 |a The disappearance of writing systems :   |b perspectives on literacy and communication /   |c edited by John Baines, John Bennet, Stephen Houston. 
264 1 |a London ;  |a Oakville, CT :  |b Equinox,  |c 2008. 
300 |a xviii, 378 pages :  |b illustrations, maps, plans ;  |c 24 cm. 
504 |a Includes bibliographical references and index. 
650 0 |a Writing  |x History. 
650 0 |a Language obsolescence. 
700 1 |a Baines, John, 
700 1 |a Bennet, John,  |d 1957-  |9 26597 
700 1 |a Houston, Stephen D.,  
901 |a reviewed 
942 |c BK  |2 lcc